|
|
|
|
| LEADER |
00000nab a2200000 ar4500 |
| 001 |
vtls009963743 |
| 003 |
SK-MaSNL |
| 005 |
20260426103921.0 |
| 008 |
091027c2009 xo |r|p|||||||000 b|slo |
| 015 |
|
|
|a SNBRB2009/10
|2 snkbucl
|
| 038 |
|
|
|a SNKBUCL
|
| 040 |
|
|
|a SNKBUCL
|b slo
|c SNKBUCL
|e AACR2
|
| 041 |
0 |
|
|a slo
|
| 044 |
|
|
|a xo
|c SK
|
| 080 |
|
|
|a 75.071.1
|x (048)
|2 2001
|
| 080 |
|
|
|a 75.048.071.1
|x (048)
|2 2001
|
| 080 |
|
|
|a 75.048
|x (048)
|2 2001
|
| 080 |
|
|
|a 7.048
|x (048)
|2 2001
|
| 080 |
|
|
|a (437.6)
|2 2001
|
| 100 |
1 |
|
|a Eliašová, Darina,
|d 1950-
|4 aut
|9 14373
|
| 245 |
1 |
0 |
|a Anna Kostelničáková: Čaro ornamentu. Štefan Leonard Kostelničák
|c Darina Eliašová
|
| 600 |
1 |
7 |
|a Kostelničák, Štefan Leonard,
|d 1900-1949
|2 snkbucl
|9 9759
|
| 650 |
0 |
7 |
|a výtvarníci
|2 snkbucl
|9 118705
|
| 650 |
0 |
7 |
|a ornament
|2 snkbucl
|9 551432
|
| 650 |
0 |
7 |
|a ľudový ornament
|2 snkbucl
|9 1602826
|
| 650 |
0 |
7 |
|a publikácie
|2 snkbucl
|9 19587
|
| 651 |
|
7 |
|a Slovensko
|2 snkbucl
|9 14231
|
| 655 |
|
7 |
|a recenzie
|2 snkbucl
|9 21907
|
| 740 |
0 |
2 |
|a Štefan Leonard Kostelničák
|
| 773 |
0 |
|
|t Knižná revue
|g Roč. XIX, č. 20 (2009), s. 11
|x 1210-1982
|
| 787 |
0 |
8 |
|i Rec.:
|a Kostelničáková, Anna
|t Čaro ornamentu : Štefan Leonard Kostelničák
|d Martin : Matica slovenská, c2008
|z 9788070908785
|
| 852 |
|
|
|a SNK
|b KIS3GCP
|
| 958 |
|
|
|a SK
|
| 958 |
|
|
|a RC
|
| 999 |
|
|
|c 3300939
|d 3302869
|